00578nam a2200169Ia 4500008004100000020001800041041000800059082001600067100001600083245006800099250000600167260003900173300000800212650004100220999001900261952012800280210716s2008 xx 000 0 und d a9788131702123 aeng a005.82 MAOW aMao, Wenbo. aModern cryptography: theory and practice.bTheory and practice. a1 aNew DelhibPearson Educationc2008 a719 aCryptography-Data encryption(005.82) c189697d189697 001040708MCAaAIMITbAIMITeAthulya Booksg599.00l0o005.82 MAOWpMCA09205r2026-05-23 00:00:00v467.22w2021-07-16yBK